00313nam a2200121 a 4500008004100000050001500041100002200056245002600078250001200104260004500116300002100161350000900182120416s1983 ||||||||||||||||| || u aHJ 141 Her aHerber, Bernard P10aModern public finance a5th ed. aHomewood, [Ill.]bRichard D. Irwinc1983 axv, 468p. : ill. a0.00